| 000 | 00000nam 2200000za 4500 |
| 001 | 9.842550 |
| 003 | CaOODSP |
| 005 | 20240207095648 |
| 007 | cr ||||||||||| |
| 008 | 170828s2016 qucab ob f000 0 eng d |
| 020 | |z978-1-100-23138-9 |
| 040 | |aCaOODSP|beng |
| 043 | |an-cn-nk |
| 086 | 1 |aCW66-567/2016E-PDF|zCW66-367/2015E-PDF |
| 245 | 10|aPortobello Creek National Wildlife Area management plan |h[electronic resource]. |
| 260 | |aGatineau, QC : |bEnvironment and Climate Change Canada, |cc2016. |
| 300 | |av, 50 p. : |bcol. ill., maps (some col.) |
| 500 | |aIssued also in French under title: Plan de gestion de la Réserve nationale de faune du ruisseau-Portobello. |
| 500 | |aCover title. |
| 500 | |aManagement plan developed by Colin M. MacKinnon; developed or reviewed by Kevin Davidson, Al Hanson and Andrew Kennedy. Cf. Acknowledgements, verso of cover. |
| 500 | |aIncorrect catalogue number (CW66-367/2015E-PDF) and ISBN (978-1-100-23138-9) printed in this publication. |
| 504 | |aIncludes bibliographical references (p. 43-45). |
| 692 | 07|2gccst|aConservation areas |
| 692 | 07|2gccst|aEnvironmental management |
| 700 | 1 |aMacKinnon, Colin Mark,|d1959- |
| 710 | 2 |aCanadian Wildlife Service. |bAtlantic Region. |
| 710 | 1 |aCanada. |bEnvironment and Climate Change Canada. |
| 775 | 08|tPlan de gestion de la Réserve nationale de faune du ruisseau-Portobello |w(CaOODSP)9.842551 |
| 856 | 40|qPDF|s5.13 MB|uhttps://publications.gc.ca/collections/collection_2017/eccc/CW66-567-2016-eng.pdf |